000 00815cam a2200253 a 4500
999 _c3762
_d3762
001 4509053
003 OSt
005 20190819162026.0
008 981009s1999 caua b 001 0 eng
010 _a 98048543
020 _a189138905X (acid-free paper)
040 _aDLC
_cDLC
_dDLC
050 0 0 _aQD504
_b.M335 1999
082 0 0 _a541.369
_221
_bMCQ 1999
100 1 _aMcQuarrie, Donald A.; John D. Simon.
_98290
245 1 0 _aMolecular Thermodynamics
260 _aSausalito, Calif. :
_bUniversity Science Books,
_c1999.
300 _axiii, 656 p. :
_bill. ;
_c26 cm.
504 _aIncludes bibliographical references and index.
650 0 _aThermodynamics.
_98291
906 _a7
_bcbc
_corignew
_d1
_eocip
_f19
_gy-gencatlg
942 _2ddc
_cSLOAN